000
00406nam a2200145Ia 4500
008
100122s9999 xx 000 0 und d
082
_b
8816
_a
823.08
100
_a
भावे पु भा
245
_a
देव्हारा
260
_b
मंदिर प्रकाशन
_c
1956
300
_a
140
630
_a
देव्हारा
730
_a
देव्हारा
942
_c
BOOK
999
_c
401016
_d
401013